000 00379nam a22001697a 4500
003 UA-OsUOA
001 5448
007 ta
008 20050721b un ||||| |||| 00| 0 ukr d
100 _aAllen
700 _aReginald E.
942 _cBK
040 _aUA-OsUOA
_cUA-OsUOA
_dUA-OsUOA
245 _aGreek Philosophy. Thales to Aristotle.
_bPhilosophy
955 _a2
650 7 _2UDC
999 _c291610
_d291610